Radio and transmission, Vol.2 (Record no. 79945)

MARC details
000 -LEADER
fixed length control field 00838nam a2200169 a 4500
008 - FIXED-LENGTH DATA ELEMENTS--GENERAL INFORMATION
fixed length control field 120416s1972 ||||||||||||||||| || u
050 ## - LIBRARY OF CONGRESS CALL NUMBER
Classification number TK 6565.T73 Dan
100 ## - MAIN ENTRY--PERSONAL NAME
Personal name Daniel, G.L
245 10 - TITLE STATEMENT
Title Radio and transmission, Vol.2
246 ## -
-- G.L. Danielson
260 ## - PUBLICATION, DISTRIBUTION, ETC.
Place of publication, distribution, etc. London
Name of publisher, distributor, etc. Butterworth Scientific
Date of publication, distribution, etc. 1972
300 ## - PHYSICAL DESCRIPTION
Extent (5) 295p. : ill
350 ## -
-- 0.00
995 ## -
-- ANNEX COLLECTION (Main Library)
-- 0.00
-- 015936
-- CBU-MAIN LIBRARY (Kitwe)
-- 3
-- 1.80
-- TK 6565.T73 Dan
-- AVAILABLE
-- 015936
-- Annex Low-Usage Collection
995 ## -
-- ANNEX COLLECTION (Main Library)
-- 0.00
-- 711908
-- CBU-MAIN LIBRARY (Kitwe)
-- 1
-- 1.80
-- TK 6565.T73 Dan
-- AVAILABLE
-- 015937
-- Annex Low-Usage Collection
995 ## -
-- MAIN LIBRARY OPEN ACCESS
-- 0.00
-- 711909
-- CBU-MAIN LIBRARY (Kitwe)
-- 2
-- 1.80
-- TK 6565.T73 Dan
-- AVAILABLE
-- 015934
-- Main Library Open Access Collection
999 ## -
-- 79945
-- 79945
Holdings
Withdrawn status Lost status Source of classification or shelving scheme Damaged status Not for loan Permanent Location Current Location Shelving location Date acquired Total Checkouts Full call number Barcode Date last seen Copy number Price effective from Koha item type
          CBU-MAIN LIBRARY, KITWE. CBU-MAIN LIBRARY, KITWE.   06/29/2023   TK 6565.T73 Dan 015936 06/29/2023 1 06/29/2023 MONOGRAPH
          CBU-MAIN LIBRARY, KITWE. CBU-MAIN LIBRARY, KITWE.   06/29/2023   TK 6565.T73 Dan 015937 06/29/2023 2 06/29/2023 MONOGRAPH
          CBU-MAIN LIBRARY, KITWE. CBU-MAIN LIBRARY, KITWE.   06/29/2023   TK 6565.T73 Dan 015934 06/29/2023 3 06/29/2023 MONOGRAPH